Pierwiastki chemiczne (wybór) - Statystyki

Ogólne statystyki
  • Ten quiz został rozwiązany 177 razy
    169 od ostatniego zresetowania
  • Średni wynik to 45 z 56
Statystyki odpowiedzi
Hint Odpowiedź % Poprawnych
S Siarka
100%
Li Lit
99%
K Potas
99%
Tl Tal
99%
N Azot
98%
He Hel
98%
Mg Magnez
98%
O Tlen
98%
C Węgiel
98%
H Wodór
98%
Fe Żelazo
97%
Cl Chlor
96%
Zn Cynk
95%
Ag Srebro
95%
Au Złoto
95%
Be Beryl
94%
Br Brom
94%
Na Sód
92%
Si Krzem
91%
Ca Wapń
91%
P Fosfor
90%
Al Glin
90%
F Fluor
89%
I Jod
88%
Ne Neon
88%
Ni Nikiel
88%
Pb Ołów
88%
Hg Rtęć
88%
B Bor
87%
Cu Miedź
87%
Ar Argon
85%
Cr Chrom
85%
Sn Cyna
84%
Ba Bar
83%
Mn Mangan
83%
Ga Gal
82%
Co Kobalt
76%
Po Polon
76%
Xe Ksenon
74%
Ti Tytan
74%
Ge German
72%
Se Selen
72%
As Arsen
71%
Kr Krypton
67%
V Wanad
66%
Bi Bizmut
64%
Rb Rubid
59%
Sc Skand
59%
Cs Cez
55%
Sr Stront
55%
In Ind
54%
Sb Antymon
50%
Cd Kadm
49%
Te Tellur
48%
At Astat
41%
Rn Radon
36%
Nie znaleziono quizów pasujących do podanych kryteriów
Rozkład punktacji
Procent ludzi z każdym wynikiem
Percentyl według liczby udzielonych odpowiedzi
Twoja historia wyników
Nie rozwiązałeś tego quizu od ostatniego zresetowania